000 00514nam a2200181Ia 4500
999 _c28432
_d28432
003 OSt
005 20201203100532.0
008 190216s9999||||xx |||||||||||||| ||und||
020 _a9788171808977
040 _coclc
082 _a894.8124
_bMEN/B
100 _aMenon, M S
_96735
245 0 _aBharatiya Kavya Chinthakal /
_cM S Menon
260 _bPoorna Publications,
_aKozhikode:
_c2003.
300 _a138p
650 _aLekhanam
942 _cBK
_2ddc
_h894.8124
_iMEN/B
_k894.8124
_mMEN/B